01682nam a22002537a 450000500170000000800410001702000180005804100130007608200140008910000360010324501030013926000310024230000410027333600100031433700140032433800120033850001320035050507610048265000200124365000280126394200120129195201080130399900170141120231102151916.0160330b2014 mx |||dr|||| 00| 0 spa d a97896818589331 aspaheng a573 N327p10aNelson, Gideon E.eautor92345910aPrincipios de biologíab: enfoque humano c/ Gideon E. Nelson ; tr. Ana Luisa Weckman González 3aMéxicob: Limusac, 2014 axiii, 439 páginasb: ilustraciones atexto asin medio avolumen aTítulo original: Biological Principies with Human Applications Incluye: Glosario pp.399-416; Índice alfabético pp.423-4351 aBiología un cuestionamiento acerca de la vida El organismo humano como una entidad biológica Las células y sus funciones Funciones de los nutrientes en el cuerpo Las calorías, los alimentos y usted Adaptaciones para la alimentación y la digestión Circulación y respiración Hormonas El sistema nervioso Los órganos de los sentidos y el cerebro Regulación del ambiente interno: homeostasis Cómo mantener una máquina viviente Acerca de la procreación: sexo y reproducción Desarrollo y crecimiento Genética parte I: la naturaleza de los genes Genética parte II: los genes y la herencia humana Evolución parte I: evidencia Evolución parte II: teorías y mecanismos La madre tierra y la biosfera La biosfera y la vida humana14aBIOLOGÍA968424aBIOLOGÍA HUMANA98227 2ddccLB 00102ddc4070a01b01d2016-03-30l1o573 N327pp01 004375r2019-10-28s2019-10-28t1w2016-03-30yLB c99149d99149